Statistiques concernant Surnoms des sélections nationales (football)

Cliquez ici pour prendre le quiz!

Statistiques générales

  • Ce quiz a été pris 352 fois
  • Le résultat moyen est 14 sur 20

Statistiques - réponses

HintRéponse% Correct
La RojaEspagne/ Chili
98%
Les BleusFrance / Koweït
97%
SeleçãoBrésil/ Portugal
96%
Les PharaonsEgypte
96%
Die MannschaftAllemagne
95%
Les Diables RougesBelgique/ Congo
93%
La AlbicelesteArgentine
92%
Squadra AzzurraItalie
91%
Les OranjesPays-Bas
89%
Les EléphantsCôte d'Ivoire
87%
Lion de l'AtlasMaroc
80%
Les Lions IndomptablesCameroun
77%
La CelesteUruguay
69%
Les Aigles de CarthageTunisie
66%
La NatiSuisse
57%
Bafana BafanaAfrique du Sud
55%
Les blancs et rougesPologne
33%
Les ÉcureuilsBénin
14%
Les aigles blancsPologne/ Serbie
13%
Les Loups BlancsOuzbékistan
2%

Distribution des résultats

Percentile par nombre de réponses

% des personnes avec chaque résultat

Votre développement - résultats

Vous n’avez pas pris ce quiz